Geography Quiz

Random Geography or World Quiz

Geography Starting with Fre Quiz Stats

 Plays Quiz not verified by Sporcle

Challenge
Share
Tweet
Embed
Score 0/13 Timer 03:00
0 Plays Today
Clue Place % Correct
Sierra Leone's capital cityFreetown
97.1%
California's fifth largest cityFresno
88.2%
French overseas collectivity, Tahiti and Bora Bora are part of itFrench Polynesia
76.5%
City in Alameda County, CaliforniaFremont
73.5%
The Bahamas second largest cityFreeport
61.8%
City in Baden-Württemberg, Germany; on the western edge of the Black ForestFreiburg im Breisgau
55.9%
City in Western Australia, it serves as the port of PerthFremantle
50%
Maryland's eight largest city, part of Baltimore metroFrederick
44.1%
Historical indpendendent city in VirginiaFredericksburg
35.3%
University and mining city in Saxony , GermanyFreiberg
23.5%
Palatial complex in Hillerød, DenmarkFrederiksborg
23.5%
City in Provence-Alpes-Côte d'Azur region, France; halfway between Cannes and Saint-TropezFrejus
23.5%
Denmark's fifth largest city, part of Copenhagen metroFrederiksberg
14.7%

You're not logged in!

Compare scores with friends on all Sporcle quizzes.
Join for Free
OR
Log In

You Might Also Like...

Show Comments

Extras

Created Oct 3, 2017ReportNominate
Tags:World Quiz, fre, place, start, starting

Top Quizzes Today


Score Distribution

Your Account Isn't Verified!

In order to create a playlist on Sporcle, you need to verify the email address you used during registration. Go to your Sporcle Settings to finish the process.

Report this User

Report this user for behavior that violates our Community Guidelines.

Details: